000
00237nam a2200097Ia 4500
082
_a
EKF BLAK
245
0
_a
Loveykins
100
_a
BLEKE, Quentin London, 2003
_9
92993
942
_c
BK
008
210817s9999 xx 000 0 und d
999
_c
379691
_d
379690